| 000 | 00998nas0a22002891i 4500 | ||
|---|---|---|---|
| 001 | RU\NLR\DRGNLR\3428 | ||
| 005 | 20240725031211.0 | ||
| 035 | _a(NLR Aleph) 010312000 | ||
| 090 |
_a10640412 _c10640412 |
||
| 100 | _a20080514b19121913u y0rusy50 ca | ||
| 101 | 0 | _arus | |
| 102 | _aRU | ||
| 110 | _acya|||||||| | ||
| 200 | 1 |
_aОтклики нашей жизни _eСтуд. газ. _fОтв. ред.-изд. Р.А.Иваницкий |
|
| 210 |
_aСПб _d1912, 29 сент - 1913, [?] |
||
| 540 | 1 | _aОтклики нашей жизни | |
| 702 | 1 |
_aИваницкий _bРаф. Ал-др. _4340 |
|
| 801 | 0 |
_aRU _bNLR _c20080514 _gPSBO _2gzdor_isis |
|
| 801 | 2 |
_aRU _bNLR _c20080514 _gPSBO _2rusmarc |
|
| 852 |
_aNLR _j1-П/1-165 |
||
| 942 | _cNEWSPAPER | ||
| 980 | _aDRG | ||